Caring for places of worship 2010 (Record no. 82493)

MARC details
000 -LEADER
fixed length control field 01051cad a22001935a 4500
001 - CONTROL NUMBER
control field L150398
008 - FIXED-LENGTH DATA ELEMENTS--GENERAL INFORMATION
fixed length control field 100708e2010 xxk 000 0 eng d
035 ## - SYSTEM CONTROL NUMBER
System control number (Sirsi) u150398
041 0# - LANGUAGE CODE
Language code of text/sound track or separate title eng
110 2# - MAIN ENTRY--CORPORATE NAME
Corporate name or jurisdiction name as entry element English Heritage
9 (RLIN) 2714
245 00 - TITLE STATEMENT
Title Caring for places of worship 2010
Medium [electronic resource]
260 ## - PUBLICATION, DISTRIBUTION, ETC.
Place of publication, distribution, etc. London
Name of publisher, distributor, etc. EH
Date of publication, distribution, etc. 2010
520 ## - SUMMARY, ETC.
Summary, etc. Based on results of survey; examines how to care for these buildings; conservation advice; importance of historic buildings; funding; costs of repairs; maintenance; changing use; value; challenges of maintaining listed buildings; almost 45% of all grade I listed buildings are places of worship; regional variations; Heritage at Risk Register.
590 ## - LOCAL NOTE (RLIN)
Local note KA NTK
651 #4 - SUBJECT ADDED ENTRY--GEOGRAPHIC NAME
Geographic name England 886-
690 ## - LOCAL SUBJECT ADDED ENTRY--TOPICAL TERM (OCLC, RLIN)
Topical term or geographic name as entry element BUILT ENVIRONMENT-BUILDING TYPES-ANCIENT MONUMENTS AND HISTORIC BUILDINGS
856 48 - ELECTRONIC LOCATION AND ACCESS
Uniform Resource Identifier <a href="https://www.english-heritage.org.uk/publications/caring-for-places-of-worship-report/caring-places-of-worship-2010-report.pdf">https://www.english-heritage.org.uk/publications/caring-for-places-of-worship-report/caring-places-of-worship-2010-report.pdf</a>
Public note View the website free of charge at www.english-heritage.org.uk
942 ## - ADDED ENTRY ELEMENTS (KOHA)
Suppress in OPAC 0
Holdings
Withdrawn status Lost status Source of classification or shelving scheme Damaged status Not for loan Home library Current library Shelving location Date acquired Total Checkouts Full call number Barcode Date last seen Copy number Price effective from Koha item type
    Dewey Decimal Classification     Virtual Virtual Online 08/07/2010   ONLINE PUBLICATION L150398 06/08/2019 1 06/08/2019 Book